000 00358nam a22001577a 4500
020 _a978-81-219-2463-4
041 _aENG
100 _aDewett.K.K
245 _aModern Economic Theory
250 _aRevised edition
260 _aDelhi
_bShyam lal charitable Trust
_c2018
300 _a1000
650 _a Economic
700 _aNavalur.M.H
856 _uEnglish
999 _c51
_d51